Reformas electorales: un afán inconcluso /
Збережено в:
| Автор: | |
|---|---|
| Формат: | Текст |
| Предмети: | |
| Теги: |
Додати тег
Немає тегів, Будьте першим, хто поставить тег для цього запису!
|
MARC
| LEADER | 00000 a a2200000 04500 | ||
|---|---|---|---|
| 001 | 16789 | ||
| 003 | |||
| 040 | |||
| 100 | |a Sancho Chavarría, Ricardo | ||
| 245 | |a Reformas electorales: |b un afán inconcluso / |c Ricardo Sancho Chavarría | ||
| 500 | |a En Na. 19392.00 se encuentra informacion complementaria para este articulo | ||
| 650 | |a REFORMA POLITICA | ||
| 650 | |a SISTEMAS ELECTORALES | ||
| 650 | |a SISTEMAS POLITICOS | ||
| 773 | |g volumen 10, número 1; páginas 43-48 | ||
| 999 | |c 39893 |d 39893 | ||
